Dictionary of gerontology / (Record no. 9996)

MARC details
000 -LEADER
fixed length control field 00687nac a22002171u 4500
010 ## - LIBRARY OF CONGRESS CONTROL NUMBER
LC control number 87025142
020 ## - INTERNATIONAL STANDARD BOOK NUMBER
International Standard Book Number 0313252874 (lib. bdg. : alk. paper)
082 00 - DEWEY DECIMAL CLASSIFICATION NUMBER
Classification number 016.3052603
Item number HAR
090 ## - LOCALLY ASSIGNED LC-TYPE CALL NUMBER (OCLC); LOCAL CALL NUMBER (OCLC)
-- 9996
-- 9996
100 ## - MAIN ENTRY--PERSONAL NAME
Personal name Harris, Diana K.
245 10 - TITLE STATEMENT
Title Dictionary of gerontology /
Statement of responsibility, etc Diana K. Harris.
260 ## - PUBLICATION, DISTRIBUTION, ETC. (IMPRINT)
Place of publication, distribution, etc New York :
Name of publisher, distributor, etc Greenwood Press,1988.
Date of publication, distribution, etc c1988.
300 ## - PHYSICAL DESCRIPTION
Extent xii, 201 p. ;
Dimensions 25 cm.
Other physical details ill.;
500 ## - GENERAL NOTE
General note Includes index.
500 ## - GENERAL NOTE
General note Donations - AUC.
500 ## - GENERAL NOTE
General note Donations.
511 ## - PARTICIPANT OR PERFORMER NOTE
Participant or performer note Catalogued by: Sara.
650 #0 - SUBJECT ADDED ENTRY--TOPICAL TERM
Topical term or geographic name as entry element Gerontology
General subdivision Dictionaries.
650 #0 - SUBJECT ADDED ENTRY--TOPICAL TERM
Topical term or geographic name as entry element Gerontology
General subdivision Bibliography.
942 ## - ADDED ENTRY ELEMENTS (KOHA)
Item type NB - Book (Non borrowing)
Call number prefix 016.3052603HAR
Holdings
Withdrawn status Item status Damaged status Not for loan Home library Current library Shelving location Date acquired Source of acquisition Total Checkouts Full call number Barcode Date last seen Koha item type
        Central Library Central Library Lower Floor 20/07/2008 Purchase   016.3052603HAR 000013433 15/07/2025 NB - Book (Non borrowing)